00299nam a2200109Ia 4500008004100000020001500041100001600056245004700072250001100119260004200130300001700172180219s9999 xx 000 0 und d a1582550018 aAnn, Archer cWard, Billie E.aFundamentals of nursing / a2nd ed aUSA :bSpring house corporationc2000 av, 338 pages